000 00637nam a2200253 a 4500
001 nice12345678
003 IN_TiNIC
005 20260116012210.0
008 050524s1973 luca grp 000 0 urd
020 _a
_c6
082 0 0 _a297.81
_bNAD
100 _aNadvi, M Arif Sambhali
245 _aBarelvi Fitna Ka Naya Rup.
260 _aLucknow
_bKutub Khana Alfurqan
_c1973
300 _a220p
500 _aincludes index and biblioraphy
505 2 _aIndex
650 _aIslam-Sects- Barelvi
650 _aIslam-Sects-Conflicts-Sunni
700 1 _aNadvi, M Arif Sambhali
902 _bSRS
942 _cBK
999 _c6044
_d6044